Premier League Eras: 2014-2017 Chelsea and Leicester Miracle - Statistics

General Stats
  • This quiz has been taken 32 times
  • The average score is 11 of 12
Answer Stats
Hint Answer % Correct
Title Winners 2014/15 Chelsea
100%
2016/17 Chelsea
100%
2015/16 Leicester City
100%
Jamie Vardy scored 24 Premier League goals in 15/16 to guide Leicester to their miraculous title but how many games did he score in to break the record for consecutive Premier League games with a goal? 11
94%
Who retired at the end of the 2016/17 season after winning his fifth title in 19 years at Chelsea? John Terry
94%
What were the odds of Leicester winning the league in 15/16? 5000/1
90%
Chelsea equaled the record for consecutive wins in a Premier League season, winning how many games? 13
87%
2015/16 Harry Kane
87%
Golden Boot Winners 2014/15 Sergio Aguero
87%
Who returned to Chelsea from Galatasaray in 2014 to win his fourth Premier League title? Dider Drogba
84%
2016/17 Harry Kane
81%
Who Played every minute of the 2014/15 season for Chelsea? John Terry
81%
No matching quizzes found
Score Distribution
Percent of People with Each Score
Percentile by Number Answered
Your Score History
You have not taken this quiz